[Event "Oslo Sveins op 5th"]
[Site "Oslo"]
[Date "2012.06.22"]
[Round "1"]
[White "Soetre, Roger"]
[Black "Westerinen, Heikki MJ"]
[Result "0-1"]
[WhiteElo "1865"]
[BlackElo "2335"]
[PlyCount "120"]
[EventDate "2012.06.22"]
[EventType "swiss"]
[EventRounds "9"]
[EventCountry "NOR"]
[SourceTitle "CBM 149 Extra"]
[Source "ChessBase"]
[SourceDate "2012.08.24"]
[SourceVersion "1"]
[SourceVersionDate "2012.08.24"]
[SourceQuality "1"]

1. e4 e6 2. d4 d5 3. exd5 exd5 4. c4 Nf6 5. Nc3 Bb4 6. Nf3 0-0 7. Be2 Bg4 8. 0-0 Nc6 9. cxd5 Nxd5 10. Nxd5 Qxd5 11. Be3 Rad8 12. a3 Ba5 13. h3 Bh5 14. Qa4 Bb6 15. Rfd1 Rd6 16. Bc4 Qa5 17. Qxa5 Nxa5 18. Be2 Nb3 19. Rab1 Rfd8 20. Bf4 Bxf3 21. Bxf3 Rxd4 22. Rxd4 Nxd4 23. Bd1 Ne6 24. Bg3 Rd2 25. Kf1 Bd4 26. b4 c6 27. Bb3 Kf8 28. f3 Ke7 29. Be1 Rb2 30. Rxb2 Bxb2 31. a4 Kd6 32. Bg3+ Be5 33. Bf2 a6 34. Be1 f6 35. Bd2 Bg3 36. Be3 h5 37. Ke2 h4 38. Kd3 Be1 39. Bxe6 Kxe6 40. Kc4 b5+ 41. Kb3 Kd5 42. a5 Bg3 43. Bc5 Bd6 44. Bf2 g5 45. Kc3 c5 46. bxc5 Bxc5 47. Be1 Ke5 48. g3 hxg3 49. Bxg3+ Kd5 50. Bc7 Bd6 51. Bb6 Be5+ 52. Kb4 Bg3 53. Bd8 Be1+ 54. Kb3 Ke5 55. Bc7+ Kf5 56. Bd8 Bd2 57. Kc2 Bf4 58. Kd3 Be5 59. Bb6 Kf4 60. Ke2 b4 0-1